鐵證待判 (Record no. 17491)
[ view plain ]
| 000 -LEADER | |
|---|---|
| fixed length control field | 00827nam a2200265Ia 4500 |
| 003 - CONTROL NUMBER IDENTIFIER | |
| control field | OSt |
| 005 - DATE AND TIME OF LATEST TRANSACTION | |
| control field | 20210120094854.0 |
| 008 - FIXED-LENGTH DATA ELEMENTS--GENERAL INFORMATION | |
| fixed length control field | 200824s9999||||xx |||||||||||||| ||und|| |
| 020 ## - INTERNATIONAL STANDARD BOOK NUMBER | |
| International Standard Book Number | 9789810067809 |
| 020 ## - INTERNATIONAL STANDARD BOOK NUMBER | |
| International Standard Book Number | 9810067801 |
| 040 ## - CATALOGING SOURCE | |
| Transcribing agency | GETS |
| 041 ## - LANGUAGE CODE | |
| Language code of text/sound track or separate title | chi |
| Language code of original | eng |
| 050 ## - LIBRARY OF CONGRESS CALL NUMBER | |
| Classification number | BT1102 |
| Item number | .M312 1978 |
| 100 ## - MAIN ENTRY--PERSONAL NAME | |
| Personal name | McDowell, Josh |
| 245 #0 - TITLE STATEMENT | |
| Title | 鐵證待判 |
| Remainder of title | = Evidence that demands a verdict / |
| Statement of responsibility, etc. | 麥道衛 (Josh McDowell) 著; 中華基督翻譯中心譯 |
| 246 ## - VARYING FORM OF TITLE | |
| Title proper/short title | 铁证待判 |
| 260 ## - PUBLICATION, DISTRIBUTION, ETC. | |
| Place of publication, distribution, etc. | E. Brunswick, N.J. : |
| Name of publisher, distributor, etc. | 中華基督翻譯中心 |
| Date of publication, distribution, etc. | 1978 |
| 300 ## - PHYSICAL DESCRIPTION | |
| Extent | xvi, 680 p. |
| Other physical details | ; |
| Dimensions | 24 cm. |
| 500 ## - GENERAL NOTE | |
| General note | Translation of: Evidence that demands a verdict. |
| 650 ## - SUBJECT ADDED ENTRY--TOPICAL TERM | |
| Topical term or geographic name entry element | Apologetics. |
| 650 ## - SUBJECT ADDED ENTRY--TOPICAL TERM | |
| Topical term or geographic name entry element | Bible -- Evidences, authority, etc. |
| 700 ## - ADDED ENTRY--PERSONAL NAME | |
| Personal name | 中華基督翻譯中心譯 |
| 700 ## - ADDED ENTRY--PERSONAL NAME | |
| Personal name | 麥道衛 |
| 942 ## - ADDED ENTRY ELEMENTS (KOHA) | |
| Koha item type | Chinese Book |
| Withdrawn status | Lost status | Source of classification or shelving scheme | Damaged status | Not for loan | Home library | Current library | Shelving location | Date acquired | Total Checkouts | Full call number | Barcode | Date last seen | Price effective from | Koha item type |
|---|---|---|---|---|---|---|---|---|---|---|---|---|---|---|
| Library of Congress Classification | GETS Theological Seminary Library | GETS Theological Seminary Library | General Stacks | 08/24/2020 | BT1102 .M312 1978z | 00005726 | 08/24/2020 | 08/24/2020 | Chinese Book |